000 01462am a2200469a 44500
003 AR-BaBNM
005 20251128210802.0
008 011101s1966 #AR|||||||||||000 | esp||
040 _cAR-BaBNM
100 1 _aGarcía Hoz, Víctor
245 1 0 _aPrincipios de pedagogía sistemática
250 _a3ª ed.
260 _aMadrid
_bEdiciones Rialp
_c1966
300 _a531 p.
490 0 _aBiblioteca de Educación y Ciencias Sociales. Serie Sistemática
_vv. 1
500 _aContiene plan de clasificación de la documentación pedagógica y relación de revistas
504 _aContiene referencias bibliográficas
650 4 _aPEDAGOGIA
650 4 _aTEORIAS DE LA EDUCACION
650 4 _aFILOSOFIA DE LA EDUCACION
650 4 _aHISTORIA DE LA EDUCACION
650 4 _aDIDACTICA
650 4 _aPSICOLOGIA DE LA EDUCACION
650 4 _aSOCIOLOGIA DE LA EDUCACION
650 4 _aORGANIZACION ESCOLAR
650 4 _aEDUCACION ESPECIAL
650 4 _aEDUCACION DE LA MUJER
650 4 _aENSEÑANZA INDIVIDUALIZADA
650 4 _aEDUCACION FAMILIAR
650 4 _aAMBIENTE EDUCACIONAL
650 4 _aEDUCACION COMPARADA
653 _aORIENTACION EDUCATIVA
653 _aNIVEL INICIAL
653 _aNIVEL PRIMARIO
653 _aNIVEL MEDIO
653 _aEDUCACION SUPERIOR
653 _aARTICULACION DE NIVELES
653 _aANALISIS INSTITUCIONAL
800 1 _aGarcía Hoz, Victor
_edirector
942 _cBK
998 _cMarta
999 _c16897
_d16897